• 首页
  • 本馆介绍
  • 公告通知
  • 最新文献
  • 馆藏检索
  • 电子资源
  • 读者导购
  • 参考咨询
  • 我的图书馆
  • 登录
  • 期刊详细显示
  • 现刊情况显示
  • 合订本情况显示
  • 篇目信息显示

期刊信息

  • 表格格式
  • 工作单格式
  • 卡片格式
索取号 
O4/TPT
题名 
THE PHYSICS TEACHER
作者 
Christopher Chiaverina etc.
分册号 
分册名 
出版地 
BERWYN ROAD
出版者 
DEPARTMENT OF PHYSICS,UNIVERSITY OF RHODE ISLAND,KINGSTON,RI02881
标准刊号 
0031-921X
出版频率 
月刊
中图法分类 
O4
主题词 
物理学
电子资源 
000 00764nas0 2200193 45
001 0734373952
005 20070416094104.12
011    @a0031-921X
100    @a20070416d km y0chiy0120 ea
101 0  @aeng
200 1  @aTHE PHYSICS TEACHER@fChristopher Chiaverina etc.
207    @aThe Physics Teacher is published monthly except June,July,and August by the American Association of Physics Teachers,Dept.of Physics and Astronomy,Univ.of Maryland,College Park.MD20742 at College Park,MD and additional mailing offices.
210    @aBERWYN ROAD@cDEPARTMENT OF PHYSICS,UNIVERSITY OF RHODE ISLAND,KINGSTON,RI02881
326    @a月刊
606 0  @a物理学
690    @aO4@v4
701  0 @aChristopher Chiaverina etc.
801  0 @aCN@bPFT@c20070416
905    @aTJWY@dO4@eTPT
    
    THE PHYSICS TEACHER/Christopher Chiaverina etc.-The Physics Teacher is published monthly except June,July,and August by the American Association of Physics Teachers,Dept.of Physics and Astronomy,Univ.of Maryland,College Park.MD20742 at College Park,MD and additional mailing offices.-BERWYN ROAD:DEPARTMENT OF PHYSICS,UNIVERSITY OF RHODE ISLAND,KINGSTON,RI02881
    
    
    
    ISSN 0031-921X
    
●
相关链接: 在易读查询期刊 在中国知网中查询期刊 在万方数据查询期刊 在维普查询期刊
唐山师范学院图书馆 欢迎您!
大连网信软件有限公司© 版权所有